00490nam a2200181Ia 450000500170000000800410001702000100005804000190006804100120008708200160009910000180011524500300013326000490016330000170021250400500022965000190027985000100029820221114105350.0131103s9999 xx 000 0 und d cRs.75 aLoreto College aEnglish a954.03bDUT aDutt,R.Palmme aIndia todaycR.Palme Dutt aCalcuttabManisha Granthalaya (P) Ltd.c1940 axxii,662 p.  aIncludes index and bibliographical references aModern History aLCLIB